Statistics for Megapredators of Ice Age North America

Click here to take the quiz!

General Stats

  • This quiz has been taken 347 times
    (21 since last reset)
  • The average score is 15 of 19

Answer Stats

Answer% Correct
American Alligator
100%
American Crocodile
100%
Cuban Crocodile
100%
Gray Wolf
100%
Grizzly Bear*
100%
Morolet's Crocodile
100%
Polar Bear*
100%
American Black Bear
95%
Mountain Lion/Puma/Cougar
95%
American Lion
79%
Cave Lion*
79%
(Pleistocene) Jaguar
79%
American Cheetah (M. Trumani)
74%
Sabertoothed Tiger/Smilodon
74%
Dire Wolf
53%
Short Faced Bear
42%
Floridan Spectacled Bear
37%
Homotherium/Scimitar Cat
32%
Arctotherium wingei
26%

Score Distribution

Percentile by Number Answered

Percent of People with Each Score

Your Score History

You have not taken this quiz since the last reset